000 03762cam a2200373 4500500
005 20260111073659.0
041 _afre
042 _adc
100 1 0 _aGrégoire, Tiphaine
_eauthor
700 1 0 _aQuiévy, Alicia
_eauthor
245 0 0 _aSyndrome cardio-rénal chez les grands félins non domestiques : approche théorique et application clinique
260 _c2025.
500 _a32
520 _aLe syndrome cardio-rénal (SCR) chez les félins non domestiques vivant sous surveillance humaine désigne l’interaction pathologique entre dysfonctions cardiaque et rénale, où la défaillance de l’un aggrave celle de l’autre. Bien que peu documenté scientifiquement, il pourrait être plus fréquent qu’estimé, notamment chez les lions et tigres âgés. Sa prise en charge est complexe en raison de la difficulté d’accès aux examens diagnostiques, de la nécessité d’immobilisations chimiques et des contraintes liées à l’administration quotidienne des traitements. Cet article propose une synthèse des connaissances disponibles et des recommandations adaptées, issues de la médecine féline, humaine et zoologique, pour la prise en charge combinée de l’hypertension artérielle, de la maladie rénale chronique et des cardiomyopathies dans cette population. L’approche thérapeutique repose sur une sélection prudente des molécules anesthésiques, le contrôle tensionnel (amlodipine en première intention), l’utilisation raisonnée des IECA et diurétiques, et un suivi rapproché des fonctions cardiaque et rénale. Le recours au medical training et à une collaboration multidisciplinaire (ZIMS, EAZA, EEP) est essentiel pour optimiser la qualité de vie et réduire la morbidité de ces animaux complexes.
520 _aCardiorenal syndrome (CRS) in non-domestic big cats under human care refers to the pathological interaction between cardiac and renal dysfunction, in which the failure of one organ worsens that of the other. Although poorly documented scientifically, it may be more common than estimated, particularly in older lions and tigers. Management is challenging due to limited access to diagnostic tests, the need for chemical immobilisation, and the constraints associated with daily treatment administration. This article provides a synthesis of available knowledge and adapted recommendations, drawing from feline, human, and zoological medicine, for the combined management of systemic hypertension, chronic kidney disease, and cardiomyopathies in this population. The therapeutic approach is based on careful selection of anaesthetic agents, blood pressure control (amlodipine as first-line), judicious use of ACE inhibitors and diuretics, and close monitoring of cardiac and renal function. The use of medical training and multidisciplinary collaboration (ZIMS, EAZA, EEP) are essential to optimise quality of life and reduce morbidity in these complex patients.
690 _aanesthésie
690 _acardiomyopathie
690 _afélins non domestiques
690 _ahypertension artérielle
690 _amaladie rénale chronique
690 _amédecine zoologique
690 _amedical training
690 _asyndrome cardio-rénal
690 _aanaesthesia
690 _acardiomyopathy
690 _acardiorenal syndrome
690 _achronic kidney disease
690 _amedical training
690 _anon-domestic big cats
690 _asystemic hypertension
690 _azoological medicine
786 0 _nLe Nouveau Praticien Vétérinaire - Canine & féline | 22 | 2-3 | 2025-12-10 | p. 144-153 | 1637-3065
856 4 1 _uhttps://stm.cairn.info/revue-le-nouveau-praticien-veterinaire-canine-feline-2025-2-3-page-144?lang=fr&redirect-ssocas=7080
999 _c1615511
_d1615511